The power of design (Record no. 355638)

000 -LEADER
fixed length control field 03090cam a22005178a 4500
001 - CONTROL NUMBER
control field 10136947
003 - CONTROL NUMBER IDENTIFIER
control field Nust- CAS-E
005 - DATE AND TIME OF LATEST TRANSACTION
control field 20180118181408.0
006 - FIXED-LENGTH DATA ELEMENTS--ADDITIONAL MATERIAL CHARACTERISTICS
fixed length control field m d
007 - PHYSICAL DESCRIPTION FIXED FIELD--GENERAL INFORMATION
fixed length control field cr n
008 - FIXED-LENGTH DATA ELEMENTS--GENERAL INFORMATION
fixed length control field 120521s2012 nju sb 001 0 eng d
020 ## - INTERNATIONAL STANDARD BOOK NUMBER
International Standard Book Number 9781118361153 (ePub)
020 ## - INTERNATIONAL STANDARD BOOK NUMBER
International Standard Book Number 9781118361160 (Adobe PDF)
020 ## - INTERNATIONAL STANDARD BOOK NUMBER
International Standard Book Number 9781118361184 ( MobiPocket)
020 ## - INTERNATIONAL STANDARD BOOK NUMBER
Canceled/invalid ISBN 9781118308677 (hardback)
035 ## - SYSTEM CONTROL NUMBER
System control number (WaSeSS)ssj0000722797
040 ## - CATALOGING SOURCE
Original cataloging agency DLC
Language of cataloging eng
Transcribing agency DLC
Modifying agency DLC
-- WaSeSS
042 ## - AUTHENTICATION CODE
Authentication code pcc
050 #4 - LIBRARY OF CONGRESS CALL NUMBER
Classification number TS170.5
050 #4 - LIBRARY OF CONGRESS CALL NUMBER
Classification number TS170.5
Item number .P69 2013
050 #4 - LIBRARY OF CONGRESS CALL NUMBER
Classification number TS170.5
Item number .P69 2012
082 00 - DEWEY DECIMAL CLASSIFICATION NUMBER
Classification number 658.5
Edition number 23
Author Mark POW 2013
084 ## - OTHER CLASSIFICATION NUMBER
Classification number TEC031000
Number source bisacsh
210 10 - ABBREVIATED TITLE
Abbreviated title The power of design
245 04 - TITLE STATEMENT
Title The power of design
Medium [electronic resource] :
Remainder of title product innovation in sustainable energy technologies /
Statement of responsibility, etc. edited by Angele Reinders, Jan Carel Diehl, Han Brezet.
260 ## - PUBLICATION, DISTRIBUTION, ETC.
Place of publication, distribution, etc. Hoboken, N.J. :
Name of publisher, distributor, etc. Wiley,
Date of publication, distribution, etc. 2012.
263 ## - PROJECTED PUBLICATION DATE
Projected publication date 1211
502 ## - DISSERTATION NOTE
Dissertation note 0
504 ## - BIBLIOGRAPHY, ETC. NOTE
Bibliography, etc. note Includes bibliographical references and index.
506 ## - RESTRICTIONS ON ACCESS NOTE
Terms governing access License restrictions may limit access.
520 ## - SUMMARY, ETC.
Summary, etc. "Unique in linking sustainable energy technologies with innovation and product design, this book offers clear explanation of both and case studies enabling readers to understand and design energy-efficient products in several different markets.The book integrates the subject areas that are necessary for the design of sustainable and energy-efficient products based on sustainable energy technologies. The theory provided is illustrated by cases of design projects and concepts in practice. With the book's methodological approach, the reader is able to apply the information and examples in their research projects or product design processes.This book fills a void in existing literature at the intersection of innovation processes, sustainable energy technologies, energy demand reduction, product development, and user behaviour, which requires an integrated view on the development of sustainable energy solutions. As such, the editors offer a unique publication in "product innovation in sustainable energy technologies and energy-efficiency" that corresponds to the growing interest in the field"--
650 #0 - SUBJECT ADDED ENTRY--TOPICAL TERM
Topical term or geographic name entry element New products
General subdivision Environmental aspects.
650 #0 - SUBJECT ADDED ENTRY--TOPICAL TERM
Topical term or geographic name entry element Product design.
650 #0 - SUBJECT ADDED ENTRY--TOPICAL TERM
Topical term or geographic name entry element Green products.
650 #7 - SUBJECT ADDED ENTRY--TOPICAL TERM
Topical term or geographic name entry element TECHNOLOGY & ENGINEERING / Power Resources / General.
Source of heading or term bisacsh
700 1# - ADDED ENTRY--PERSONAL NAME
Personal name Reinders, Angele.
700 1# - ADDED ENTRY--PERSONAL NAME
Personal name Diehl, Jan Carel.
700 1# - ADDED ENTRY--PERSONAL NAME
Personal name Brezet, Han.
773 #0 - HOST ITEM ENTRY
Title Wiley-Blackwell Online Books - CIC Consortium 2012
773 #0 - HOST ITEM ENTRY
Title Wiley-Blackwell Online Books
776 08 - ADDITIONAL PHYSICAL FORM ENTRY
Relationship information Print version:
Title Power of design
Place, publisher, and date of publication Hoboken, N.J. : Wiley, 2012
International Standard Book Number 9781118308677 (hardback)
Record control number (DLC) 2012014110
856 40 - ELECTRONIC LOCATION AND ACCESS
Uniform Resource Identifier <a href="http://www.columbia.edu/cgi-bin/cul/resolve?clio10136947.001">http://www.columbia.edu/cgi-bin/cul/resolve?clio10136947.001</a>
Public note Full text available from Wiley-Blackwell Online Books
856 40 - ELECTRONIC LOCATION AND ACCESS
Uniform Resource Identifier <a href="http://www.columbia.edu/cgi-bin/cul/resolve?clio10136947.002">http://www.columbia.edu/cgi-bin/cul/resolve?clio10136947.002</a>
Public note Full text available from Wiley-Blackwell Online Books - CIC Consortium 2012
910 ## - USER-OPTION DATA (OCLC)
User-option data Library of Congress record
942 ## - ADDED ENTRY ELEMENTS (KOHA)
Source of classification or shelving scheme
Koha item type Book
Holdings
Withdrawn status Lost status Source of classification or shelving scheme Damaged status Not for loan Collection code Permanent Location Current Location Shelving location Date acquired Source of acquisition Cost, normal purchase price Total Checkouts Full call number Barcode Date last seen Price effective from Koha item type
            US-Pakistan Center for Advanced Studies in Energy (USPCAS-E) US-Pakistan Center for Advanced Studies in Energy (USPCAS-E)   11/12/2015 Multiline Books 7885.00   658.5 POW 2013 CAS-E0000575 11/12/2015 11/12/2015 Book
© 2023 Central Library, National University of Sciences and Technology. All Rights Reserved.